banner-ar

STEP BY STEP POTTERY AND CERAMICS: A CREATIVE GUIDE / (Record no. 20850)

MARC details
000 -الفاتح
حقل البيانات ثابتة الطول 00450nam a2200169Ia 4500
008 - عناصر البيانات ثابتة الطول - معلومات عامة
حقل البيانات ثابتة الطول 140319s9999 xx 000 0 eng d
040 ## - مصدر الفهرسة
وكالة الفهرسة الأصلية GCL /
وكالة النسخ GCL
082 04 - رقم تصنيف ديوى العشرى
رقم التصنيف 738
رقم المادة E S
100 1# - المدخل الرئيسى - إسم شخصى
الإسم الشخصى ESPI, IORETTE
245 10 - بيان العنوان
العنوان STEP BY STEP POTTERY AND CERAMICS: A CREATIVE GUIDE /
بيان المسئوليه,etc ESPI, IORETTE
260 ## - PUBLICATION, DISTRIBUTION, ETC. (IMPRINT)
تاريخ النشر أو التوزيع 1993
300 ## - الوصف المادى
التعداد 96\P
650 04 - المدخل الاضافى بالموضوع-مصطلح موضوعى
مصطلح موضوعي CERAMICS
650 04 - المدخل الاضافى بالموضوع-مصطلح موضوعى
مصطلح موضوعي POTTERY
942 ## - عناصر المدخل الإضافي( كوها)
مصدر التصنيف او مخطط الترفيف Dewey Decimal Classification
Koha [default] item type كتاب
260 ## - PUBLICATION, DISTRIBUTION, ETC. (IMPRINT)
-- [S.N] :
-- NEW HOLLAND PUBLISHERS LTD ،
Holdings
حالة التراجع حالة الفقد حالة تلف ليس للاعارة المكان المؤقت الموقع الحالى تاريخ الاكتساب اجمالي اﻻعارات رقم الطلب الباركود تاريخ اخر مشاهدة تاريخ تفعيل السعر نوع وعاء كوها
        مكتبة القاهرة الكبرى مكتبة القاهرة الكبرى 03/26/2014   738\E S 38853 03/26/2014 03/26/2014 كتاب

Powered By

EGPV